Quizzes
Events
Quiz Creation
Community
Videos
Private Events
Remove Ads
Sign In
Join for FREE
Feedback
Dark Mode
Quiz Categories
Sports
Geography
Music
Movies
Television
Just For Fun
Miscellaneous
History
Literature
Language
Science
Gaming
Entertainment
Religion
Holiday
For Kids
Quiz Lab
Recent
Popular Today
Quiz Kudos Today
Editor Picks
Curator Picks
Quizzes by...
Day
Popularity
Type
Ratings
Length
Year
Community
Subscriptions
Recent Discussions
Orange Saloon
Badges
Playlists
Quests
Create
Leaderboards
Showdown
Live 5
Trivia Bingo
Activity
Puzzle Library
Sporcle Events
Private Events
Virtual Trivia
Globe League
Become a Host
Pub Owners
SporcleCon
Opinionation
Our Games
Videos
Blog
Mobile Apps
Partnerships
Remove Ads and Go Orange
Feedback
Music
Pop Music
The Beatles
Song
Album
Lyrics
Bands
Singers
Artist
Clip
Rock
Rap
Classical
Billboard
Country Music
Kpop
Taylor Swift
Music
Pop Music
The Beatles
Song
Album
Lyrics
Bands
Singers
Artist
Clip
Rock
Rap
Classical
Billboard
Country Music
Kpop
Taylor Swift
Random Quiz
Search Sporcle
×
Quiz Lab
Quiz Lab
Music
Lyrics
Type in answers that appear in a list
Type in answers that appear in a list
Classic
Best Score? Go Orange.
Title in lyrics Stats
Can you name the songs by the line with it's name?
By
scatmanfan
7m
20 Questions
505 Plays
505 Plays
505 Plays
Comments
Comments
Give Quiz Kudos
Give Quiz Kudos
-
- Ratings
hide this ad
Replay
Link that replays current quiz
Next Quiz
Link to next quiz in quiz playlist
You Got
0%
They Got
Avg Score
36%
Avg Friend Score
Upgrade to see
Score Distribution
Jump to the score distribution portion of the page
Score
0/20
Timer
07:00
0
Plays Today
Lyrics
Song
% Correct
There's a lady who's sure that all that glitters is gold, and she's buying a _
_
_
_
_
_
_
_
_
_
_
_
Stairway To Heaven
88.5%
_
_
_
_
_
_
_
_
_
_
_
_
_
_
_
_
_
, hold on to that feeling. Streetlights, people.
Don't Stop Believing
79%
_
_
_
_
_
_
_
_
_
_
_
_
_
_
_
_
_
_
_
_
_
_
_
, he was looking for a soul to steal. He was in a bind, 'cause he was way behind, and he was willing to make a deal.
The Devil Went Down to Georgia
62.4%
I don't practice _
_
_
_
_
_
, I ain't got no crystal ball. If I had a million dollars well I'd spend it all.
Santeria
59.6%
When I die and they lay me to rest, I'm gonna go to the place that's the best. When I lay me down to die, goin' up to the _
_
_
_
_
_
_
_
_
_
_
_
_
Spirit In The Sky
54.5%
Mommy's all right, Daddy's all right, they just seem a little weird. _
_
_
_
_
_
, _
_
_
_
_
_
, but don't give your self away.
Surrender
50.3%
It's _
_
_
_
_
_
_
_
_
_
_
_
_
_
_
_
, when I hear that old song they used to play.
More Than A Feeling
49.1%
_
_
_
_
_
_
_
_
_
_
_
. Fight the break of dawn. Come tomorrow, tomorrow I'll be gone.
Save Tonight
47.1%
Eating seeds as a past time activity, the _
_
_
_
_
_
of our city, of our city.
Toxicity
41.4%
Look in my eyes, what do you see, I'm the _
_
_
_
_
_
_
_
_
_
_
_
_
Cult Of Personality
36.2%
Lyrics
Song
% Correct
Was I _
_
_
_
_
_
_
_
_
_
_
, was I out of my mind? How could I have ever been so blind?
Out Of My Head
26.9%
I remember throwing punches around, and preaching from my chair. Now _
_
_
_
_
_
_
_
_
Who Are You
25.1%
I've been _
_
_
_
_
_
_
_
_
_
this town, on the corner. I've been bumming around this town so long.
Hanging Around
24%
I'm your dream, make you real, I'm your eyes when you must steal, I'm your pain when you can't feel _
_
_
_
_
_
_
_
_
_
Sad But True
20.4%
_
_
_
_
_
_
_
_
_
, _
_
_
_
_
_
_
_
_
_
Life goes on there! La la la how the life goes on
Ob la di, Ob la da
17.4%
Never, never, I never want it anymore, gotta get away from this stone cold floor. Crazy, _
_
_
_
_
_
_
_
_
_
_
_
_
y'know.
Stone Cold Crazy
17.2%
Lord knows I've paid some dues getting through, _
_
_
_
_
_
_
_
_
_
_
_
_
Tangled Up In Blue
16.2%
Are you having a _
_
_
_
_
_
_
_
_
_
, with your friends and your French wine?
Good Time
14.9%
_
_
_
_
_
_
_
and I are getting old and we still haven't walked in the glow of eachother's majestic presence.
Ana Ng
5.5%
I kissed her on the cheek and then I waved goodbye. She had the saddest look I've seen in years, a _
_
_
_
_
_
_
_
_
Kangaroo Cry
0.8%
Quiz Playlist
Details
Report
Send in Message
Add To Playlist
Classic:
Type in answers that appear in a list
Last Updated: Feb 16, 2017
Quiz Scoreboard
CHALLENGE
Sign Up to Join the Scoreboard
Show All
Scores
Hide
Comments
May contain spoilers
Recently Published
NBA Finals Game Top Scorers (2010s)
by flibbidy
Sports
5m
Guess the 'R' Things in 3 Words
by MSUKent
Miscellaneous
3m
Actor to Badly Drawn Movie III
by MoMosMoProblems
Movies
5m
More to Explore
Quiz From the Vault
Featured Blog Post
Where Does Lost Luggage Go?
hide this ad
You Might Also Like...
Tags
Bands Quiz
Lyrics Quiz
Song Quiz
Musician
Today's Top Quizzes in Music
Browse Music
hide this ad
Today's Top Quizzes in Lyrics
Browse Lyrics
Top Contributed Quizzes in Music
1
Taylor Swift All Songs (2024)
2
Image Sorting: Rock Albums II
3
Image Sorting: Rock Albums III
4
Image Sorting: Rock Albums IV
5
Image Sorting: Rock Albums V
6
Image Sorting: Rock Albums VI
7
Taylor Swift Logic Puzzle
8
Adjectives in 80s Songs
9
Image Sorting: Album Titles
10
Nickname Match: Musicians
Explore More
Trending Topics
NBA
Kpop
Disney
Crossword
Harry Potter
Marvel
Anime
The Office
Puzzle
WWE
Pokémon
Song
Soccer
NFL
Country
hide this ad
More By:
scatmanfan
Quiz
Plays
Rating
Category
Featured
Created
Manga by Artist
554
1.67
Entertainment
Dec 17, 2009
Title in lyrics
505
2.33
Music
Jan 2, 2010
Title in Lyrics 2
402
2.80
Music
Jan 18, 2010
Albums by Antonym
217
1.75
Music
Feb 20, 2010
Brain Damage Lyrics
72
Music
Feb 19, 2010
Go to Creator's Profile
Score Distribution
Quiz Creator Spotlight
scatmanfan
Follow
Send a Message
Quizzes Created
-
Created Quiz Play Count
-
More By This Creator
Popular Quizzes Today
1
Find the US States - No Outlines Minefield
2
Find the US States
3
The Countries of the World
4
10 Largest US States in Order
5
Find the Countries of Europe - No Outlines Minefield
6
US States
7
Guess the 'R' Things in 3 Words
8
NBA Finals Game Top Scorers (2010s)
More Music Quizzes
'Definitions' In Song Lyrics
Published
Trending Quizzes
First Name TV: Leading Men
First Name TV: Leading Women Drama
Match the Book to the Film II
Pick A Pair: Religious TV
Match the Book to the Film VI
Recently Updated
Women's Final Four Teams by Year
bhenderson79
Presidents Quartet II
eogle
Anything But Clue(do)
eogle
Anything But Oceanian Capitals
eogle
Anything But 7
eogle
Anything But Thing
eogle
Word Ladder: February 29
pecheneg
Song Title Questions
pecheneg
Women's NCAA Tournament #1 Seeds
pecheneg
Celebrity Mug Shots
pecheneg
Trending Topics
Marvel
NBA
Crossword
Kpop
Disney
Anime
Harry Potter
Pokémon
NFL
Song
Country
WWE
The Office
Soccer
Puzzle
Your Account Isn't Verified!
In order to create a playlist on Sporcle, you need to verify the email address you used during registration. Go to your
Sporcle Settings
to finish the process.
Report this User
Report this user for behavior that violates our
Community Guidelines
.
Details:
Send Report
Go to the Sporcle.com Mobile Site →
Comments